What Happens During Recessions, Crunches and Busts? /

We provide a comprehensive empirical characterization of the linkages between key macroeconomic and financial variables around business and financial cycles for 21 OECD countries over the period 1960-2007. In particular, we analyze the implications of 122 recessions, 112 (28) credit contraction (cru...

সম্পূর্ণ বিবরণ

গ্রন্থ-পঞ্জীর বিবরন
প্রধান লেখক: Terrones, Marco
অন্যান্য লেখক: Claessens, Stijn, Kose, Ayhan
বিন্যাস: পত্রিকা
ভাষা:English
প্রকাশিত: Washington, D.C. : International Monetary Fund, 2008.
মালা:IMF Working Papers; Working Paper ; No. 2008/274
অনলাইন ব্যবহার করুন:Full text available on IMF
LEADER 01971cas a2200265 a 4500
001 AALejournalIMF005492
008 230101c9999 xx r poo 0 0eng d
020 |c 5.00 USD 
020 |z 9781451871326 
022 |a 1018-5941 
040 |a BD-DhAAL  |c BD-DhAAL 
100 1 |a Terrones, Marco. 
245 1 0 |a What Happens During Recessions, Crunches and Busts? /  |c Marco Terrones, Ayhan Kose, Stijn Claessens. 
264 1 |a Washington, D.C. :  |b International Monetary Fund,  |c 2008. 
300 |a 1 online resource (75 pages) 
490 1 |a IMF Working Papers 
500 |a <strong>Off-Campus Access:</strong> No User ID or Password Required 
500 |a <strong>On-Campus Access:</strong> No User ID or Password Required 
506 |a Electronic access restricted to authorized BRAC University faculty, staff and students 
520 3 |a We provide a comprehensive empirical characterization of the linkages between key macroeconomic and financial variables around business and financial cycles for 21 OECD countries over the period 1960-2007. In particular, we analyze the implications of 122 recessions, 112 (28) credit contraction (crunch) episodes, 114 (28) episodes of house price declines (busts), 234 (58) episodes of equity price declines (busts) and their various overlaps in these countries over the sample period. Our results indicate that interactions between macroeconomic and financial variables can play major roles in determining the severity and duration of recessions. Specifically, we find evidence that recessions associated with credit crunches and house price busts tend to be deeper and longer than other recessions. JEL Classification Numbers: E32; E44; E51; F42. 
538 |a Mode of access: Internet 
700 1 |a Claessens, Stijn. 
700 1 |a Kose, Ayhan. 
830 0 |a IMF Working Papers; Working Paper ;  |v No. 2008/274 
856 4 0 |z Full text available on IMF  |u http://elibrary.imf.org/view/journals/001/2008/274/001.2008.issue-274-en.xml  |z IMF e-Library